Loading...
Science - Biology | 0 | 4 | 0 | 1 | 40 | 83 | 99.75 | 0 | 3 |
Fine Arts - Classical Music | 0 | 3 | 0 | 1 | 30 | 79 | 108.00 | 0 | 3 |
Literature - American Literature | 0 | 3 | 0 | 1 | 30 | 107 | 126.00 | 0 | 0 |
Science - Other Science | 0 | 3 | 0 | 1 | 30 | 78 | 98.00 | 1 | 1 |
Philosophy | 0 | 2 | 0 | 0 | 20 | 121 | 127.50 | 0 | 1 |
Science - Chemistry | 0 | 2 | 0 | 1 | 20 | 118 | 119.00 | 0 | 2 |
History - European History | 0 | 2 | 0 | 1 | 20 | 80 | 96.50 | 0 | 0 |
Science - Physics | 0 | 2 | 0 | 0 | 20 | 79 | 101.00 | 1 | 2 |
Religion | 0 | 2 | 0 | 0 | 20 | 88 | 94.50 | 0 | 1 |
Fine Arts - Other Fine Arts | 0 | 2 | 1 | 0 | 15 | 114 | 116.00 | 0 | 0 |
Mythology | 0 | 1 | 0 | 1 | 10 | 139 | 139.00 | 0 | 0 |
History - Other History | 0 | 1 | 0 | 0 | 10 | 49 | 49.00 | 1 | 1 |
Literature - World Literature | 0 | 1 | 0 | 1 | 10 | 146 | 146.00 | 0 | 1 |
History - American History | 0 | 1 | 1 | 0 | 5 | 107 | 107.00 | 0 | 0 |
Literature - British Literature | 0 | 0 | 0 | 0 | 0 | 0.00 | 0 | 0 | |
Social Science | 0 | 0 | 1 | 0 | -5 | 0.00 | 0 | 0 |